00616nam a2200169 i 450000100060000000300090000600500170001500700030003200800410003510000300007624500880010626000410019430000400023585200320027599900170030795201220032482346ES-MaACL20230906174646.0t|041110s1971 sp ||||1| cat d1 aIglésies, Josep.96514613aLa població del Maresma a la llum dels censos generals / cJosep Iglésies Fort. aBarcelona : bRafael Dalmau, c1970. a247 p., 4 lám. : bil. ; c22 cm. aES-MaACLjC-45062 bR.80568 c82346d82346 00104070aATENEOMbATENEOMcDEPO2d2008-01-17eSCl0oC-45062p1086060r2023-02-23 00:00:00w2023-02-23yMONOGRAFIA